00518nam a2200181Ia 4500003000900000008004100009040001600050080001300066100001700079245008300096250001200179260004800191300001400239500002600253650002400279650001400303650001900317IN-BaIIA211028s9999 xx 000 0 eng d cIIA Library a538bBAT aBates, L. F. 0aModern magnetismcL. F.Bates  a2nd ed. aCambridgebCambridge University Pressc1948 axi, 440p. aDonated by Mrs. Bappu aMagnetic Properties aMagnetism aNASA Thesaurus